Alcan facts 1980

Tallennettuna:
Bibliografiset tiedot
Yhteisötekijä: Alcan Public Relations Services
Aineistotyyppi: Kirja
Kieli:Undetermined
Julkaistu: Montreal Alcan 1979
Aiheet:
Tagit: Lisää tagi
Ei tageja, Lisää ensimmäinen tagi!
Thư viện lưu trữ: Trung tâm Học liệu Trường Đại học Cần Thơ
LEADER 00495nam a2200181Ia 4500
001 CTU_84371
008 210402s9999 xx 000 0 und d
082 |a 338.8 
082 |b A347 
110 |a Alcan Public Relations Services 
245 0 |a Alcan facts 1980 
245 0 |c Alcan Public Relations Services 
260 |a Montreal 
260 |b Alcan 
260 |c 1979 
650 |a Alcan aluminium limited 
904 |i QHieu(sửa) 
980 |a Trung tâm Học liệu Trường Đại học Cần Thơ